Commonwealth Association of Planners (Record no. 120707)

MARC details
000 -LEADER
fixed length control field 00967cai a22001815a 4500
001 - CONTROL NUMBER
control field L145441
008 - FIXED-LENGTH DATA ELEMENTS--GENERAL INFORMATION
fixed length control field 081009u xxka f 000 0 eng d
035 ## - SYSTEM CONTROL NUMBER
System control number (Sirsi) u145441
041 0# - LANGUAGE CODE
Language code of text/sound track or separate title eng
110 2# - MAIN ENTRY--CORPORATE NAME
Corporate name or jurisdiction name as entry element Commonwealth Association of Planners
9 (RLIN) 5624
245 00 - TITLE STATEMENT
Title Commonwealth Association of Planners
520 ## - SUMMARY, ETC.
Summary, etc. Website for the Commonwealth Association of Planners, a group that looks to develop the skills of urban and regional planners across the Commonwealth to meet the challenges of increasing urbanisation and sustainable development. Website offers details of members and affiliates, a selection of papers on a wide range of topics and an archive of newsletters for the group.
590 ## - LOCAL NOTE (RLIN)
Local note KA
651 #4 - SUBJECT ADDED ENTRY--GEOGRAPHIC NAME
Geographic name International
690 ## - LOCAL SUBJECT ADDED ENTRY--TOPICAL TERM (OCLC, RLIN)
Topical term or geographic name as entry element ENVIRONMENTAL AND LAND CONSULTANCY-PLANNING AND DEVELOPMENT-STRATEGIC PLANNING
856 40 - ELECTRONIC LOCATION AND ACCESS
Uniform Resource Identifier <a href="https://www.commonwealth-planners.org/about/">https://www.commonwealth-planners.org/about/</a>
Public note View the website free online at www.commonwealth-planners.org...
942 ## - ADDED ENTRY ELEMENTS (KOHA)
Suppress in OPAC 0
Holdings
Withdrawn status Lost status Source of classification or shelving scheme Damaged status Not for loan Home library Current library Shelving location Date acquired Total Checkouts Full call number Barcode Date last seen Copy number Price effective from Koha item type
    Dewey Decimal Classification     Virtual Virtual Online 09/10/2008   ONLINE PUBLICATION 145441-1001 06/08/2019 1 06/08/2019 Online material